1961 1924 1642 1102 1176 1685 1950 1516 1665 1720 1394 1745 1682 1169 1360 1558 1344 1113 1646 1146 1427 1543 1832 1360 1691 1798 1490 1559 1989 1189 1137 1668 1228 1467 1998 1697 1444 1802 1298 1773 1242 1075 1113 1903 1363 1450 1840 1982 1900 1942 1061 1323 1878 1783 1288 1166 1126 1262 1877 1342 1257 1740 1910 1164 1169 1708 1744 1737 1157 1799 1075 1976 1207 1442 1403 1323 1576 1756 1783 1296 1026 1183 1035 1393 1440 1637 1157 1717 1850 1448 1942 1913 1834 1003 1589 1568 1303 1385 1672 BCNSPRNW ULIB Ver.6.0+V

เปลี่ยนเป็นภาษาไทย

Change to English
 แสดงรายละเอียดบรรณานุกรม
  กลับหน้าหลัก

Brief Record : Get Marc (ISO 2709) : E-mail record : QR code < ปิดหน้าต่าง
LEADER : 00000nam 2200000uu 4500
001    13399121081
003     ULIB
008    020711s2554 th a 000 0 tha d
020    9786167017716
090    นว.^bก631ม
100    กิ่งพยอม
245    มนต์ตราหิมาลัย/^cกิ่งพยอม
260    กรุงเทพฯ :^bอักษรศาสตร์,^c2554
300    396 หน้า
945    ^p279^l0^i19553
999    ^aทศพร เกษรทอง
รายการนี้ยังไม่มีแท็ก
คุณยังไม่ได้ล็อกอิน คุณสามารถมีกิจกรรมร่วมกับเว็บไซต์ได้ แต่ต้องล็อกอินก่อน ::
  ล็อกอิน

รายการสื่อสารสนเทศ

ลำดับที่ ประเภท เลขเรียก/บาร์โค้ด สถานที่ สถานะ
1. นวนิยาย
นวนิยาย
นว. ก631ม  
  Barcode: 19553
ห้องสมุดวิทยาเขตสวรรค์ประชารักษ์
►นวนิยาย
บนชั้น
  ขอยืม

รายการใกล้เคียง
    ผู้แต่ง [กิ่งพยอม]

BibComment


ยังไม่เคยถูกคอมเมนท์

คอมเมนท์ทรัพยากรรายการนี้
  คอมเมนท์: มนต์ตราหิมาลัย กิ..


 Copyright 2026. Bcnsprnw @Library